| 000 | 004940000a22001690004500 | ||
|---|---|---|---|
| 041 | 0 | _aSPA | |
| 082 | 0 | 4 | _aG 266.0092 K471h |
| 100 | 1 | _aTaylor, Hudson | |
| 245 | 1 | 0 | _aUna historia misionera con tarjetas relámpago del apóstol al interior de la China / Hudson Taylor |
| 260 | _aMéxico : Centro Cultural Pro la Niñez | ||
| 300 | _a41 Pag | ||
| 001 | 10737 | ||
| 942 | _cBK | ||
| 999 |
_c40194 _d40194 |
||
| 336 |
_atexto _btxt _2rdacontent |
||
| 337 |
_2rdamedia _asin mediación _bn |
||
| 338 |
_2rdacarrier _avolumen _bnc |
||